000 00604nam a2200169Ia 4500
003 GCL
008 140319s9999 xx 000 0 ara d
040 _aGCL /
_cGCL
082 0 4 _a811.9
_bا ل
100 1 _aايليا الحاوى
245 1 0 _aالياس ابوشبكة شاعر الجحيم والنعيم /
_cايليا الحاوى
260 _a[S.N] :
_bدار الكتاب اللبنانى ،
_c1980
490 _aالشعر العربى المعاصر دراسة وتصميم
_v0
650 0 4 _aالشعر العربى المعاصر
650 0 4 _aافاعى الفردوس
942 _2ddc
_cBK
999 _c30716
_d30716